Sady testů Scio. Z 9. třídy na střední školu. Přijímací zkoušky 9 - verze 2011/2012 /

Další autoři: Chládková, Romana
Jazyk: Čeština
Vydáno: Praha : www.scio.cz, 2011
Vydání: Vyd. 4.
Témata:
Fyzický popis: [96] s. : il. ; 30 cm + vyhodnocení testů (1 l.) + test s návodem k řešení ([68] s.)
Knihy
Uloženo v:
LEADER 02097nam a2200577 a 4500
001 nkc20112225975
003 CZ PrNK
005 20111108143122.0
007 ta
008 110926s2011 xr a c p 000 0 cze
015 |a cnb002225975 
020 |a 978-80-7430-068-4  |q (brož.) 
035 |a (OCoLC)761169838 
040 |a ABA001  |b cze 
072 7 |a 373.5  |x Střední školy  |2 Konspekt  |9 22 
080 |a 37.091.212.3  |2 MRF 
080 |a 811.162.3  |2 MRF 
080 |a 51  |2 MRF 
080 |a 373.3.016  |2 MRF 
080 |a 373.54  |2 MRF 
080 |a 37.091.212.2  |2 MRF 
080 |a (079.1)  |2 MRF 
245 0 0 |a Sady testů Scio.  |p Z 9. třídy na střední školu.  |p Přijímací zkoušky 9 - verze 2011/2012 /  |c [sestavil[a] Romana Chládková] 
246 1 |i Název části na s. [1]:  |a Sada Přijímací zkoušky 2012 9 - verze 2011/2012 
246 3 |a Sada Přijímací zkoušky 2012 - 9. třída 
246 3 0 |a Přijímací zkoušky 9 - verze 2011/2012 
246 3 0 |a Z 9. třídy na střední školu 
250 |a Vyd. 4. 
260 |a Praha :  |b www.scio.cz,  |c 2011 
300 |a [96] s. :  |b il. ;  |c 30 cm +  |e vyhodnocení testů (1 l.) + test s návodem k řešení ([68] s.) 
500 |a Název z obálky 
650 0 7 |a studijní předpoklady  |7 ph274675  |2 czenas 
650 0 7 |a čeština  |7 ph135292  |2 czenas 
650 0 7 |a matematika  |7 ph117231  |2 czenas 
650 0 7 |a učivo základních škol  |7 ph136701  |2 czenas 
650 0 7 |a gymnázia  |7 ph114644  |2 czenas 
650 0 7 |a přijímací zkoušky  |7 ph124916  |2 czenas 
650 0 9 |a study skills  |2 eczenas 
650 0 9 |a Czech language  |2 eczenas 
650 0 9 |a mathematics  |2 eczenas 
650 0 9 |a elementary school curriculum  |2 eczenas 
650 0 9 |a high schools  |2 eczenas 
650 0 9 |a entrance examinations  |2 eczenas 
655 7 |a testy  |7 fd133697  |2 czenas 
655 9 |a tests  |2 eczenas 
700 1 |a Chládková, Romana  |7 jx20110923002  |4 com 
910 2 |a BOA001  |b 4-1272.638 
990 |a BK 
995 |a 01 
991 |b 201110  |c NOV  |e n 
996 6 |b 2610491175  |c 4-1272.638  |l MZK  |r Sklad / do 1 hodiny  |n 17  |p p.v.  |w 001208171  |u 000010  |a 1  |e BOA001  |j MZK50  |s P